औदुंबर (Record no. 139064)

MARC details
000 -LEADER
fixed length control field 00713nam a2200181Ia 4500
008 - FIXED-LENGTH DATA ELEMENTS--GENERAL INFORMATION
fixed length control field 090124s9999 xx 000 0 und d
082 ## - DEWEY DECIMAL CLASSIFICATION NUMBER
Item number 25558
Classification number 2569
100 ## - MAIN ENTRY--PERSONAL NAME
Personal name प्रफुल्लदत्त ( तेंडुलकर दत्तात्रय विष्णू )
245 ## - TITLE STATEMENT
Title औदुंबर
250 ## - EDITION STATEMENT
Edition statement 1
260 ## - PUBLICATION, DISTRIBUTION, ETC. (IMPRINT)
Date of publication, distribution, etc 1987
300 ## - PHYSICAL DESCRIPTION
Extent 116
600 ## - SUBJECT ADDED ENTRY--PERSONAL NAME
Personal name प्रफुल्लदत्त ( तेंडुलकर दत्तात्रय विष्णू )
630 ## - SUBJECT ADDED ENTRY--UNIFORM TITLE
Uniform title औदुंबर
700 ## - ADDED ENTRY--PERSONAL NAME
Personal name प्रफुल्लदत्त ( तेंडुलकर दत्तात्रय विष्णू )
730 ## - ADDED ENTRY--UNIFORM TITLE
Uniform title औदुंबर
942 ## - ADDED ENTRY ELEMENTS (KOHA)
Koha item type Book
Holdings
Withdrawn status Lost status Damaged status Not for loan Home library Current library Date acquired Cost, normal purchase price Total Checkouts Full call number Barcode Date last seen Cost, replacement price Price effective from Koha item type
        Marathi Granth Sangrahalaya,Thane Marathi Granth Sangrahalaya,Thane   25.00   25558 THNMGS-25558 01/24/2009 25.00 01/24/2009 Book